Logo quiz 7 - Statistics

Estatísticas Gerais
  • Esse quiz foi jogado 263 vezes
  • A pontuação média é 12 de 15
Estatísticas das Respostas
Imagem Resposta % Correto
Ford
99%
Ferrari
94%
Chevrolet
92%
Audi
90%
Mercedes
90%
Hyundai
87%
Fiat
86%
Jaguar
84%
Peugeot
79%
Mitsubishi
76%
Porsche
73%
Alfa Romeo
66%
Lexus
54%
Mazda
52%
Cadillac
45%
Nenhum quiz correspondente encontrado
Distribuição das Pontuações
Porcentagem de Pessoas com Cada Pontuação
Percentil de Números Respondidos
Sua Pontuação Histórica
Você não jogou esse quiz